European Geography Quiz for Dummies - Statistics

General Stats
  • This quiz has been taken 4,448 times
  • The average score is 18 of 20
Answer Stats
Question Answer % Correct
What three "countries" make up the island of Great Britain? Scotland
99%
What three "countries" make up the island of Great Britain? England
98%
What country is informally called Holland? Netherlands
98%
In what city would you find the Louvre? Paris
98%
What three "countries" make up the island of Great Britain? Wales
98%
What city was divided by a wall until 1989? Berlin
96%
In what city-state does the pope live? Vatican City
96%
What is the capital of Poland? Warsaw
93%
What mountain range stretches from France to Slovenia? Alps
91%
What sea separates Europe and Africa? Mediterranean
91%
What fashion capital lies in Italy? Milan
91%
Name one of the Baltic states. Estonia | Latvia | Lithuania
88%
What is the most famous festival held in Munich? Oktoberfest
87%
What is Russia's second most populous city? Saint Petersburg
87%
What is the largest country that is wholly in Europe? Ukraine
86%
What megacity sits at the border of Europe and Asia? Istanbul
84%
What volcano destroyed Pompeii in 79 A.D.? Mount Vesuvius
82%
What peninsula are Sweden, Norway, and part of Finland a part of? Scandinavia
80%
What territory of the UK borders Spain? Gibraltar
79%
What is the largest island in Greece? Crete
76%
No matching quizzes found
Score Distribution
Percent of People with Each Score
Percentile by Number Answered
Your Score History
You have not taken this quiz